|
|
|
|
| LEADER |
00723nab a2200193 i 4500 |
| 001 |
misc26639 |
| 005 |
20191111110331.0 |
| 008 |
170825s1969 hu o 0|| zxx d |
| 040 |
|
|
|a SZTE Miscellanea Repozitórium
|b hun
|
| 041 |
|
|
|a zxx
|
| 100 |
1 |
|
|a Fazekas István Gyula
|
| 245 |
1 |
0 |
|a Untersuchungen über die periumbilikale Demarkationsentzündung im Hinblick auf die Lebendgeburt
|h [elektronikus dokumentum] /
|c Fazekas István Gyula
|
| 260 |
|
|
|c 1969
|
| 300 |
|
|
|a 35-45
|
| 490 |
0 |
|
|a Kolligátum
|
| 695 |
|
|
|a Igazságügyi orvostan, Patológia, Halálozás - újszülöttkor
|
| 700 |
0 |
1 |
|a Kósa Ferenc
|e aut
|
| 700 |
0 |
1 |
|a Fábrik Emese
|e aut
|
| 856 |
4 |
0 |
|u http://misc.bibl.u-szeged.hu/26639/1/019_010_035-045.pdf
|z Dokumentum-elérés
|